Deuda interna: enfoque jurídico

Gorde:
Xehetasun bibliografikoak
Egile nagusia: Romero Pérez, Jorge Enrique
Formatua: Texto
Argitaratua: San José: EUNED
Gaiak:
Etiketak: Etiketa erantsi
Etiketarik gabe, Izan zaitez lehena erregistro honi etiketa jartzen!

MARC

LEADER 00000 a a2200000 04500
001 18926
003
040
090 |a 144800  
100 |a Romero Pérez, Jorge Enrique  
245 |a Deuda interna: enfoque jurídico  
260 |a San José:   |b EUNED  
300 |a 123 p.  
300 |b **no definido**  
650 |a POLITICA ECONOMICA  
650 |a PLANIFICACION  
650 |a CONDICIONES ECONOMICAS  
650 |a AJUSTE ESTRUCTURAL  
650 |a DEUDA PUBLICA  
999 |c 2343  |d 2343